[Event "Tan Chin Nam Cup 3rd "]
[Site "Beijing"]
[Date "1997.08.13"]
[Round "4"]
[White "Ye, Jiangchuan"]
[Black "Lin, Weiguo"]
[Result "1-0"]
[WhiteElo "2530"]
[BlackElo "2470"]
[Annotator "Nor,I"]
[PlyCount "91"]
[EventDate "1997.08.11"]
[EventType "tourn"]
[EventRounds "11"]
[EventCountry "CHN"]
[EventCategory "12"]
[SourceTitle "CBM 061"]
[Source "ChessBase"]
[SourceDate "1997.11.23"]
[SourceVersion "1"]
[SourceVersionDate "1997.11.23"]
[SourceQuality "1"]

1. e4 {Gershon} c5 2. Nf3 d6 3. d4 cxd4 4. Nxd4 Nf6 5. Nc3 a6 6. Be2 e5 7. Nb3
Be7 8. O-O O-O 9. Kh1 Nbd7 10. a4 (10. f3 b6 $1 (10... Qc7 11. a4 h6 12. Nd2
Rd8 13. Nc4 Nb6 14. Ne3 Be6 15. a5 $16 {Cseshkovsky-Pigusov, Sankt-Peterburg
(zt) 1993}) (10... b5 11. a4 b4 12. Nd5 $14) (10... Nb6 11. a4 d5 12. a5 d4 13.
axb6 (13. Nb1 Nbd7 14. c3 {Cseshkovsky-Nasybullin, Kazahstan 1993} Nc5 $5 (
14... dxc3 15. Nxc3 Nc5 16. Nxc5 $5 Qxd1 17. Rxd1 Bxc5 18. Na4 $1 Bd4 19. Nb6
Rb8 $8 20. Bd2 $1 $16 {1-0 Cseshkovsky,V-Nasybullin,V/Kazakhstan 1993}) 15.
cxd4 Nxb3 16. Qxb3 exd4 $13 {Cseshkovsky}) 13... dxc3 14. Qxd8 Bxd8 15. bxc3
Bxb6 16. Ba3 Rd8 17. c4 $14 {Cseshkovsky}) 11. Nd2 (11. a4 $5) 11... b5 $1 $10)
(10. g4 $6 h6 11. g5 hxg5 12. Bxg5 Re8 13. Rg1 Nf8 14. Qd2 Be6 15. Bf3 Rc8 16.
h4 N6h7 17. Bh6 Bf6 18. h5 Kh8 19. Be3 Qd7 20. Rad1 Bxb3 $17 {Gurevich,I.
-Wolff, New York 1994}) 10... b6 11. Be3 Bb7 12. f3 Rc8 $6 {[%cal Gc8c7,Gd8a8]}
(12... Qc7 $5 13. Rf2 (13. Qd2 Rac8 14. Rfd1 Rfd8 {/\ Nc5=}) (13. Nc1 Rac8 14.
N1a2 d5 $1 15. Nxd5 Nxd5 16. exd5 Qxc2 17. d6 Bf6 $10 {1/2-1/2 Tseshkovsky,
V-Gurevich,V/Cappelle la Grande 1994}) 13... Rad8 (13... Rfd8 14. Bf1 h6 (14...
Bc6 15. Rd2 Qb7 16. Bc4 h6 17. Qe2 Nf8 18. Qf2 Rab8 19. Qf1 Ra8 20. Qf2 Rab8
21. Qf1 Ra8 22. Nc1 Ne6 23. N1a2 d5 24. exd5 Nxd5 25. Nxd5 Bxd5 26. Bxd5 Rxd5
27. Rxd5 Qxd5 28. Bxb6 Qc6 29. a5 Qxc2 30. Qc1 Rc8 31. Nc3 Qb3 32. Qd2 Bc5 33.
Nd5 Nd4 34. Rc1 Qxd5 35. b4 Qb3 36. Bxc5 Ne6 37. h3 Qa3 38. Rc3 {1/2-1/2
Sakaev,K-Shneider,A/JUG-chT Tivat 1995}) 15. Rd2 Bc6 16. Nc1 Nc5 17. N1a2 Nxa4
18. Nxa4 Bxa4 19. Nc3 Bd7 20. Rxa6 Rxa6 21. Bxa6 Be6 22. Qg1 Rb8 23. Bb5 Qb7
24. Qd1 Rd8 25. Bg1 Ra8 26. Na4 Bd7 27. Bxd7 Nxd7 28. Nc3 Qc6 29. Nd5 Bf8 30.
Rd3 Ra7 31. g3 Qa8 32. Qe2 Ra1 33. Rd1 Ra2 34. Qb5 Qb7 35. Kg2 Nf6 36. Qb3 Ra6
37. Nxf6+ gxf6 38. Bf2 {Khalifman Alexander-Nepomnishay Mikhail I/Ch St.
Petersburg, St. Petersburg (Russ 1996/1-0 (82)}) 14. Bf1 Nc5 15. Rd2 h6 16.
Nxc5 dxc5 17. Bc4 Nh5 18. Nd5 Bxd5 19. Rxd5 Bg5 20. Bg1 Nf4 21. Rxd8 Rxd8 22.
Qe1 a5 23. Rd1 Kf8 24. Bf2 Rd6 25. h4 Be7 26. Rxd6 Qxd6 27. g3 Ne6 28. c3 g5 $2
29. h5 g4 30. fxg4 Bg5 31. Kg2 Ke7 32. Qe2 Qd2 33. Qxd2 Bxd2 34. Bxe6 Kxe6 35.
Kf3 Kd6 36. Ke2 Bc1 37. Kd3 Kc6 {Kasparov,G-De Firmian,N/New York PCA 1995/1-0
(54)}) 13. Rf2 $6 (13. Bd3 $1 {[%csl Ra6][%cal Gd1e2,Ge2a6] /\ Qe2+/=}) 13...
Rc7 14. Bf1 Qa8 15. Rd2 h6 $6 $146 {White didn't want to play Bg5 anyway.If
black knew that,I really can't see the idea of this "novelty"!} (15... Rfc8 16.
Nc1 {[#]} Rxc3 17. bxc3 Rxc3 18. Rd3 Qc8 19. Rxc3 Qxc3 20. Nd3 d5 21. Bd2 Qc8
22. exd5 Bxd5 23. Bb4 Bxb4 24. Nxb4 Bb7 25. c4 e4 26. Nd5 Nxd5 27. cxd5 exf3
28. Qxf3 Nf6 29. Rd1 h5 30. Qb3 Ng4 31. Re1 Qc5 32. Re8+ Kh7 33. h3 Nf6 34.
Qd3+ g6 35. d6 Bd5 36. Re7 Kg7 37. Qg3 Be6 38. Bd3 g5 39. Rc7 Qd5 40. Bc4 Qd1+
41. Kh2 Kh6 42. Bxe6 Ne4 43. Qe5 f6 44. Bf5 {1-0 Lutz,C-Roeder,M/Vienna op
1996/EXP 53}) 16. Nc1 Rxc3 $5 (16... Rfc8 $6 17. N1a2 $1 {[%csl Rc3][%cal
Ga2b4,Ga2c3,Yc8c3] With nice advantage.}) 17. bxc3 d5 18. c4 $6 {White makes
black to choose.The game showed he was wright, but black could play better.} (
18. Nb3 $5) 18... dxe4 $2 (18... d4 $142 $1 {After this move black could be
much closer to "compensation", and 15...h6 could be usefull!} 19. Bf2 Bb4 (
19... Bxe4 $6 20. fxe4 Nxe4 21. c3 $1 $16) (19... Nc5 20. Nd3 $140 Ncxe4 $2 (
20... Nfd7 $142 $5) 21. fxe4 Nxe4 22. Nxe5 $18) 20. Re2 (20. Rd3 Nc5) 20... Nh5
$5 (20... Nc5 21. Nd3) (20... Bc3 21. Rb1 Bc6 22. Na2 $1 Ba5 23. c3 $1 dxc3 24.
Qc2 Rb8 25. Nxc3 Bxc3 26. Qxc3 Bxa4 27. Ra2 Bc6 28. Qa1 $1 $18) 21. g3 (21. Na2
Ba5 22. c3 Nf4 23. Rc2 $14 {For example} Bc6 $1 24. cxd4 Bxa4 25. d5 Bxc2 26.
Qxc2 $14) 21... f5 $1 22. Rb1 Ba3 $5 23. Bh3 fxe4 $5 24. Bxd7 e3 25. Be6+ Kh8
26. Bd5 $5 (26. Be1 $6 Bxf3+ 27. Kg1 Bxc1 28. Rxc1 Qe8 29. Bd5 e4 $1 $13) 26...
Bxd5 $5 (26... Bxc1 $6 27. Rxc1 (27. Be1 $2 Bxd5 28. cxd5 Qxd5 29. Rxc1 $140
Rxf3 $19) 27... exf2 (27... Bxd5 28. cxd5 Rxf3 (28... Qxd5 29. Rxe3) 29. Rxe3
$3 Rxe3 (29... dxe3 30. Qxf3 exf2 31. c4 $18) (29... Rxf2 30. Rxe5 Nf6 31. Qxd4
$18) 30. Bxe3 Nf6 31. Bf2 Qxd5+ 32. Kg1 $18) 28. Bxb7 Qxb7 29. Rxf2 Nf6 {
[%cal Gf6g4]} 30. Kg1 $16 Qc6 31. c3 $1 Qxc4 32. cxd4 Qxd4 33. Qxd4 exd4 34.
Rd2 Rd8 35. Rcd1 $18) (26... exf2 27. Bxb7 (27. Rxe5 $6 Nf6 28. Bxb7 Qxb7 $40)
27... Qxb7 28. Rxf2 Nf6 29. Kg1 Bxc1 30. Rxc1 $16) 27. cxd5 exf2 (27... Qxd5 $2
28. Rxe3 $18) 28. Rxf2 (28. Rxe5 $6 Nf6 $36) 28... Qxd5 $14) (18... Bb4 $2 19.
cxd5 Bxd2 20. Qxd2 $18) 19. Rxd7 Nxd7 20. Qxd7 exf3 21. Kg1 $5 fxg2 22. Bd3 {
Now white has only technical problems.Maybe black is not in a loosing position
yet, but he should lose [if white plays right].} Bc5 (22... Bf6 $142 $5) 23.
Bxc5 bxc5 24. Nb3 Bc6 $6 (24... e4 $142 $5 25. Be2 e3 26. Nxc5 Bf3 27. Bd3 {
and although white is better,black has some chances.}) 25. Qf5 $5 e4 26. Be2
Qe8 $6 27. a5 $5 g6 $6 (27... Ba8 $142 28. Nxc5 Qc6 $16) 28. Qf6 Qd7 29. Rd1
Qh3 30. Qf4 $5 g5 (30... f5 31. Rd6 $1 $18) 31. Qg3 $18 Qxg3 32. hxg3 f5 33.
Rd6 Ba8 34. Nxc5 f4 35. gxf4 gxf4 36. Nd7 f3 (36... Rf7 37. Bh5 Re7 (37... Rg7
38. Nf6+ Kf8 39. Nxe4 $1 Bxe4 40. Rd8+ Ke7 41. Re8+ Kf6 42. Rxe4 $18) 38. Nf6+
Kg7 (38... Kf8 39. Rd8+ Kg7 40. Ne8+) 39. Ne8+ Kh7 (39... Rxe8 40. Bxe8 e3 41.
Re6 $18) 40. Bg6+ Kh8 41. Rxa6 $1 e3 $140 42. Rxa8 e2 43. Nf6+ Kg7 44. Nh5+
Kxg6 45. Nxf4+ Kg5 46. Nxg2 e1=Q+ 47. Nxe1 Rxe1+ 48. Kf2 $18) 37. Rg6+ Kf7 38.
Nxf8 fxe2 39. Kf2 Kxf8 40. Kxe2 e3 41. Kxe3 Kf7 42. Rg4 h5 43. Rf4+ Kg6 44. Kf2
Kg5 45. Rf8 Be4 46. Re8 1-0

[Event "Lee Cup 4th"]
[Site "Beijing"]
[Date "1997.08.31"]
[Round "7"]
[White "Ye, Jiangchuan"]
[Black "Wang, Yaoyao"]
[Result "1/2-1/2"]
[WhiteElo "2530"]
[BlackElo "2430"]
[Annotator "Nor,I"]
[PlyCount "105"]
[EventDate "1997.08.23"]
[EventType "swiss"]
[EventRounds "11"]
[EventCountry "CHN"]
[SourceTitle "CBM 061"]
[Source "ChessBase"]
[SourceDate "1997.11.23"]
[SourceVersion "1"]
[SourceVersionDate "1997.11.23"]
[SourceQuality "1"]

1. e4 {Gershon} c5 2. Nf3 d6 3. d4 cxd4 4. Nxd4 Nf6 5. Nc3 a6 6. Be2 e5 7. Nb3
Be7 8. O-O O-O 9. Kh1 Be6 $6 10. f4 exf4 11. Bxf4 (11. Nd4 $6 g5 $132) 11...
Nc6 12. Qe1 (12. Qd2 $6 d5 $11 13. exd5 Nxd5 14. Nxd5 Qxd5 15. Qe3 Bd6 16. Bf3
Bxf4 17. Qxf4 Qb5 18. Rfd1 {1/2-1/2 Dolmatov,S-Vaulin,A/RUS-Cup9 Novgorod (8)
1997 cbm60}) (12. Nd4 $5 Nxd4 13. Qxd4 Qc7 14. Rad1 Rad8 15. Rd2 Rd7 16. Rfd1
$14 {1-0 Hansen,S-Mortensen,E/DEN-ch 1996 (37)}) 12... Ne5 $6 (12... Ne8 13.
Nd5 $1 Bg5 14. Bg3 Ne5 15. Rd1 Bxd5 16. Rxd5 Nf6 17. Rd1 Qc7 18. Rf5 $1 Bh6 19.
Rxf6 $1 gxf6 20. Nd4 {Ehlvest-Gurevich,I, Saint Martin 1993}) (12... Rc8 13.
Rd1 Qc7 14. Nd5 Bxd5 15. exd5 Nb8 16. Bd3 Rfe8 17. Qh4 g6 18. Bg5 Nh5 19. Nd4
Bxg5 20. Qxg5 Qe7 21. Qg4 Ng7 22. Nf3 f5 23. Qb4 Qc7 24. Ng5 h6 25. Ne6 Nxe6
26. dxe6 Nc6 27. Qf4 Ne5 28. Qxh6 Qg7 29. Qd2 Rxe6 30. Be2 Qe7 31. Rf4 Kg7 32.
c3 Re8 33. Rdf1 Rh8 34. Bd1 Qg5 35. Bb3 Qg3 36. h3 Re7 37. Qf2 Qg5 38. Rd1 Qf6
39. Rfd4 Rd8 40. Qd2 Red7 41. a4 Nf7 42. a5 Ng5 43. Bd5 Re7 44. Rb4 Ne4 45. Qd4
Rdd7 46. Rb6 Qe5 47. Kg1 {Jansa,V-Hagesaether,P/Gausdal Eikrem 1996/EXP 54/1-0
(64)}) (12... Nd7 $5 13. Rd1 Nde5 14. Nd5 $5 $146 Bg5 15. Bg3 $14 {1/2-1/2
Sutovskij,E-Ricardi,P/Najdorf Buenos Aires (4) 1997}) (12... b5 $6 13. a3 $14)
13. Rd1 $14 Qc7 (13... Nfd7 $143 $6 14. Nd4 g6 15. Bh6 Re8 16. Nf5 Nb6 $2 17.
Ng7 $1 Rf8 18. Nxe6 fxe6 19. Bxf8 Bxf8 20. Bd3 $18 {1-0 Vogt,L-Spassov,L/
Polanica Zdrój 1980 (40)}) (13... Nc4 $2 14. Nc5 $1) 14. Nd4 b5 $6 $146 {
In those positions black can play b5 whenever he wants,but usually doesn't do
it.After b5,black doesn't get "more countreplay" on the queen flank.He only
gets more weaknesses! Anyway,white is already better.} (14... Rad8 15. Qg3 b5
16. Bg5 Ne8 17. Be3 Bf6 18. Nd5 Bxd5 19. exd5 g6 20. c3 Bg7 21. Bg5 Rb8 22. h4
Rb7 23. h5 Qc8 24. h6 Bh8 25. Nc6 f6 26. Nxe5 dxe5 27. d6 Qe6 28. Qd3 e4 29.
Qd5 Qxd5 30. Rxd5 Rd7 31. Bf4 f5 32. Bd1 Bf6 33. Bb3 Kh8 34. Be3 Rxd6 35. Bc5
Be7 36. Bxd6 Nxd6 37. Re5 Bg5 38. Re6 Nc4 39. Bxc4 bxc4 40. g4 Bd2 41. gxf5
Bxh6 42. Rxe4 gxf5 43. Rxc4 Be3 44. Rc7 f4 45. Kg2 Rg8+ 46. Kf3 Rg3+ 47. Ke4
Bd2 48. Rd1 Re3+ 49. Kf5 Rd3 50. Rh1 f3 51. Rcxh7+ {1-0 Zvara,P-Danner,G/
Prague Bohemians 1995/EXT 95}) 15. a3 Rac8 16. Qg3 Rfe8 17. Bg5 $5 {Step
number 1 of white's regular plan is to exchange the bishop e6 [17.Nf5 B:f5 18.
R:f5].After this he has two possibilities of putting his pieces,but he will
have to choose later.At this moment,we can only say that he could play
differently [17.N:e6!?]} (17. Nxe6 $5 fxe6 18. Qh3 Bd8 (18... Bf8 19. Bxe5 dxe5
20. Bg4 Nxg4 21. Qxg4 b4 (21... Bxa3 $2 22. bxa3 Qxc3 23. Rd7 $18) (21... Rcd8
22. Rxd8 Qxd8 23. Qh5 $1) 22. axb4 Bxb4 23. Ne2 $1 Qxc2 $140 $2 (23... Qc6 $142
24. c3 {With advantage.}) 24. Rd7 g6 (24... Re7 25. Rxe7 Bxe7 26. Qxe6+ Kh8 27.
Qxe7 $18) (24... Be7 25. Qxe6+ Kh8 26. Rxe7 Rxe7 27. Qxe7 $18) 25. Rxh7 $1 $18)
19. Bxe5 (19. Bh5 Nxh5 (19... Re7 $6 20. Bg5 $1) 20. Bxe5 dxe5 21. Qxh5 $14)
19... dxe5 20. Bd3 {And white is better.}) 17... Kh8 18. Nf5 Bxf5 19. Rxf5 Qc6
$1 {Black "helps" white to make a decision!Otherwise white could choose a
different plan:R5-f1,Bf3,Rd2,Rf-d1,Bf4.This plan of playing on "d" was
possible here too,but this way is better.} 20. Bd3 $5 (20. Bf3 $143 Ng8 $5)
20... Nfd7 (20... Nh5 $6 21. Qh4 Bxg5 22. Qxg5 Nf6 $6 (22... g6 $142) 23. Rxf6
$1 gxf6 24. Qxf6+ Kg8 25. Nd5 {With a winning attack.}) 21. Be3 $1 (21. Bxe7
$143 Rxe7 22. Nd5 Ree8 23. Rdf1 f6 $1) 21... Bf8 (21... Bf6 22. Rdf1 {[%csl
Rf6,Rf7][%cal Gc3d5,Gf1f7,Gf5f7]}) 22. Bd4 Re6 $5 23. Rdf1 $6 {Black is in a
worse position,and [as written in the book] trying to exchange pieces.Very
well!But why did white agree with it?Didn't he read this book?} (23. Nd5 $142
$1) 23... Rf6 $1 24. h3 Rxf5 25. Rxf5 Re8 26. Nd5 Kg8 27. Qf2 Qc8 28. Rf4 {
And now the results:white finished his plan and stands better.But how to
win-that is the question?} Re6 29. Bc3 Qb7 30. Be2 $1 {White sees that he can
do nothing and starts a new plan.Right!} Nc5 31. Bf3 Nxf3 $6 {Till now black
has been playing very well but now he is tired of passive difense and starts
"to do something".It is wrong decision.If he wanted to play actively, he
should choose another variation [Not 9...Be6?!]!} (31... Ng6 32. Rf5 Qd7 (32...
Nxe4 $2 33. Bxe4 Rxe4 34. Qf3 $1) 33. Qd4 $36) (31... Re8 $142 $5) 32. gxf3 Qc8
33. Rg4 Nd7 34. Kh2 Ne5 35. Rg3 Ng6 36. Rg2 $5 {[%csl Rg7,Rg8][%cal Gf2g3,
Gh3h4,Gd4g7,Gc3g7,Gg2g7]} Qd8 $1 {[%cal Gd8h4]} 37. f4 $2 {White is tired too
and wants to win immediately.He could loose after this!} (37. Qg3 $142 $1)
37... Rxe4 38. Qf3 (38. f5 $6 Ne5 39. f6 g6 $17) (38. Bxg7 $2 Bxg7 39. f5 Be5+
40. Kh1 Qh4 41. Qxh4 Rxh4 $19) 38... f5 39. Qh5 Qe8 $2 {I guess it was a
zeitnot,and black was afraid of 40.R:g6 [after 39...Qd7!].} (39... Qd7 $1 40.
Rxg6 $140 hxg6 41. Qxg6 Re6 $1 42. Nf6+ $140 Rxf6 43. Bxf6 Qe6 $19) (39... Rxf4
$6 40. Nxf4 (40. Rxg6 $6 hxg6 41. Qxg6 Qh4 $1) 40... Nxf4 41. Qg5 (41. Qxf5 $5
Nxg2 42. Qd5+ Kh8 43. Kxg2) 41... Qxg5 42. Rxg5 g6 {And white is not suposed
to lose.}) 40. Qxf5 Re2 41. Qd3 Rxg2+ 42. Kxg2 Qe6 {White is a little better
here [again!],but the position looks more like a draw.} 43. Kg3 Ne7 $1 44.
Nxe7+ Bxe7 45. f5 Qh6 46. Qe4 (46. Qd5+ $143 Kf8 47. Qe6 $6 Bh4+ 48. Kf3 Qxe6
49. fxe6 Ke7 (49... g6 $6 50. Ke4 Ke7 51. Kd5) 50. Bxg7 Kxe6 $11) 46... Qg5+
47. Kf3 Kf8 48. Qg4 Qh6 49. Bd4 d5 $11 50. Ke2 Kf7 51. Kd3 Bf8 52. Qg2 Qc6 53.
b3 {In spite of some mistakes,this game was on a good level!} 1/2-1/2

[Event "RUS-Cup10"]
[Site "Tomsk"]
[Date "1997.07.27"]
[Round "6"]
[White "Galkin, Alexander"]
[Black "Voitsekhovsky, Stanislav"]
[Result "1/2-1/2"]
[WhiteElo "2540"]
[BlackElo "2480"]
[Annotator "Nor,I"]
[PlyCount "41"]
[EventDate "1997.07.21"]
[EventType "swiss"]
[EventRounds "9"]
[EventCountry "RUS"]
[SourceTitle "EXT 2000"]
[Source "ChessBase"]
[SourceDate "1999.11.16"]
[SourceVersion "1"]
[SourceVersionDate "1999.11.16"]
[SourceQuality "1"]

1. e4 {Gershon} c5 2. Nf3 d6 3. d4 cxd4 4. Nxd4 Nf6 5. Nc3 a6 6. Be2 e5 7. Nb3
Be7 8. O-O O-O 9. Be3 Be6 10. Nd5 Nbd7 (10... Nxd5 $6 11. exd5 Bf5 12. Qd2 a5 (
12... Nd7 13. Na5 $1 Qc7 14. c4 Rac8 15. b4 $16) 13. a4 $6 Nd7 14. Bb5 Qc7 15.
f3 Nf6 16. Rac1 Bd7 $1 17. c4 b6 18. Qf2 Rab8 19. Nd2 Bc8 $1 20. Nb1 Nd7 $10 {
Adla,-AM. Rodriguez, Mondariz 1994}) (10... Nxe4 $2 11. Nb6 (11. Bb6 Qd7 12.
Nc7) 11... Nc6 (11... Ra7 $142) 12. Nxa8 Qxa8 13. f3 Nf6 14. c4) 11. Qd3 (11.
f3 $6 Nxd5 12. exd5 Bf5 13. Qd2 a5 $1) (11. Nxe7+ Qxe7 12. f3 d5 13. exd5 Nxd5
$10) 11... Bxd5 (11... Rc8 12. c4 Ne8 $5 13. Qd2 b6 14. Rac1 a5 15. a4 $6 Nc5
16. Nxc5 dxc5 17. f4 Bxd5 18. cxd5 Bf6 19. f5 Nd6 20. Bd3 c4 21. Bb1 b5 $13 {
0-1 Conquest,S-Gallagher,J/Hastings Masters 1990}) 12. exd5 Nc5 {When this
move was born,Ljubojevic and,after him,Browne were saying that this move is
very good [!].When Lj Apicella won his game,he said this move is not so good 
[?!].After this game,someone can say this move is interesting [!?],but in my
opinion the discusion is open and new decorations are waiting for their
painters!!!} (12... a5 13. c4 a4 $6 (13... b6 $142 14. f4 Ne8 15. Kh1 exf4 16.
Bxf4 Nc5 17. Qd2 {0.5:0.5 Ye Jiangchuan-Nunn,Luzern 1985}) 14. Nd2 Nc5 15. Qc2
Qa5 16. Nb1 $1 Bd8 17. Nc3 Bb6 18. Bg5 Ncd7 19. Bd2 Rfc8 20. Kh1 Bd4 21. Rac1
a3 22. b3 Qc5 23. Qf5 g6 24. Qh3 Re8 25. Qh4 e4 26. Rcd1 h5 27. Nb5 {Svidler,
P-Loginov,V/St Petersburg-ch 1997/CBM 58/[Nor]/1-0 (41)}) (12... Re8 $5 13. c4
Bf8 14. Rac1 g6 15. Rfd1 b6 16. Nd2 a5 17. b3 Bg7 18. a3 Qe7 19. Qb1 Qf8 20. b4
Bh6 21. Qb3 Bxe3 22. Qxe3 axb4 23. axb4 Ra4 24. Ra1 Rea8 25. Qc3 Qh6 $15 {
Kudrin-Ljubojevic, New York 1985}) (12... Qb8 13. a4 Nc5 14. Bxc5 dxc5 15. Nd2
$13 {0-1 Wach,M-Hoelzl,F/AUT-chT 1995}) (12... Qc7 $6 13. c4 g6 14. Nd2 $1 a5
15. b3 $14) 13. Qd2 $1 {This move is surely better than 13.N:c5?} (13. Nxc5 $6
dxc5 14. Rfd1 e4 15. Qd2 Bd6 16. a4 $6 Qc7 17. g3 Rae8 $36 18. a5 Nd7 19. Bf4
Ne5 20. c4 f5 21. Rac1 h6 22. h4 Ng6 23. Bxd6 Qxd6 24. b4 e3 25. Qe1 f4 $17 {
0-1 King-Browne/Reykjavik/SW, 1990}) 13... Qc7 (13... Nce4 $6 14. Qb4 a5 15.
Qxb7 a4 16. Nd2 Rb8 17. Qc6 Rxb2 18. Nxe4 Nxe4 19. Bd3 $14) (13... Nxb3 $6 14.
axb3 a5 15. c4 b6 $14) 14. f3 Nfd7 $146 (14... h6 $143 $6 15. c4 Nh7 16. Nxc5
dxc5 17. Bd3 Bd6 18. g4 $1 Qe7 19. Qg2 Rfe8 20. Rae1 Nf8 21. g5 hxg5 22. Bxg5
f6 23. Bd2 $16 {1-0 Apicella,M-Brunner,L/EU-chT Debrecen 1992/EU-chT (36)}) (
14... Nxb3 15. axb3 Nd7 16. b4 $5) 15. Nxc5 (15. Na5 $5 f5 16. b4 Na4 17. c4 {
As it could have been in the game Apicella-Brunner,but black has a tempi more.}
) 15... Nxc5 (15... dxc5 $2 16. d6 $1 $18 {[%csl Rd6,Rd7][%cal Gf1d1,Gd1d7]})
16. b4 Nd7 (16... Na4 $143 $6 17. c4 a5 18. a3 {[%csl Ra4]}) 17. c4 b6 18. a3
a5 19. Rfc1 (19. g4 $6 f5 $1) 19... Ra7 $1 {Now black gets a counterplay
anyway.Good defense!} 20. Ra2 $5 (20. Qb2 $143 $6 Bf6 $1 {[%cal Rf6a1]}) 20...
Rfa8 21. Rac2 {Both sides have some chances.} 1/2-1/2

[Event "Najdorf Memorial 8th"]
[Site "Buenos Aires"]
[Date "1997.05.22"]
[Round "4"]
[White "Sutovsky, Emil"]
[Black "Ricardi, Pablo"]
[Result "1/2-1/2"]
[WhiteElo "2560"]
[BlackElo "2575"]
[Annotator "Nor,I"]
[PlyCount "83"]
[EventDate "1997.05.19"]
[EventType "tourn"]
[EventRounds "9"]
[EventCountry "ARG"]
[EventCategory "13"]
[SourceTitle "CBM 060"]
[Source "ChessBase"]
[SourceDate "1997.09.29"]
[SourceVersion "1"]
[SourceVersionDate "1997.09.29"]
[SourceQuality "1"]

1. e4 {Gutman Gershon} c5 2. Nf3 d6 3. d4 cxd4 4. Nxd4 Nf6 5. Nc3 a6 6. Be2 e5
7. Nb3 Be7 8. O-O O-O 9. Kh1 Be6 $6 10. f4 exf4 11. Bxf4 (11. Nd4 $6 g5 $132 (
11... Qc7 $6 12. Bxf4 Nbd7 13. Nf5 Bxf5 14. exf5 Ne5 15. Qd4 Rac8 16. Rad1 Qc5
17. a3 h6 18. h3 $14 {Van der Wiel-Van der Sterren, Nederland(ch) 1989})) 11...
Nc6 12. Qe1 (12. Qd2 {Gutman} d5 13. exd5 Nxd5 14. Nxd5 Qxd5 15. Qe3 Bd6 16.
Bf3 Bxf4 17. Qxf4 Qb5 18. Rfd1 {Gutman: brachte Weiß nicht mehr als Remis in
Dolmatov-Vaulin/RUS-Cup9 Novgorod/1997/CBM 60. Meiner Meinung nach stellt nur
12.Nd4 bestimmte Probleme für Schwarz.}) 12... Nd7 $5 {Gutman: Eine seltener
gespielte Fortsetzung.} (12... Ne8 13. Nd5 $1 (13. Rd1 $5 Bh4 (13... Bf6 14.
Nc5 $14 (14. Nc5 Qe7 {,Vogt-Damljanovic,Trnava 1982,} 15. N5a4 $5 Nb4 16. Nb6
Rd8 17. Qd2)) 14. Bg3 (14. Qd2 Bf6) 14... Bf6 (14... Bxg3 {Gutman} 15. Qxg3 Qb6
$5 16. Bg4 Bc4 17. Rf2 Ne5 18. Rfd2 Rd8 19. Be2 Be6 20. h3 Nf6 21. Nd4 Rd7 22.
Rb1 Rc8 {mit etwa gleichen Chancen,Dolmatov-Mitrakanth,Calcutta 1996.}) 15. Nc5
Qe7 {,Dolmatov-Vaulin,Kasan 1995,} 16. Nxe6 (16. N5a4 $2) 16... fxe6 17. Bc4
Be5 18. Rxf8+ Kxf8 19. Ne2 Nf6 20. Nf4 Nd8 21. c3 $16 {1/2-1/2 Dolmatov,
S-Vaulin,A/RUS-chT Kazan 1995}) 13... Bg5 14. Bg3 Ne5 15. Rd1 Bxd5 16. Rxd5 Nf6
17. Rd1 Qc7 18. Rf5 $1 Bh6 19. Rxf6 $1 gxf6 20. Nd4 {Ehlvest-Gurevich,I, Saint
Martin 1993}) (12... b5 $6 13. a3 $14) (12... Ne5 $6 13. Rd1 Nfd7 14. Nd4 g6
15. Bh6 Re8 16. Nf5 Nb6 $2 17. Ng7 $1 Rf8 18. Nxe6 fxe6 19. Bxf8 Bxf8 20. Bd3
$18 {1-0 Vogt,L-Spassov,L/Polanica Zdrój 1980 (40)}) 13. Rd1 Nde5 (13... Qc7 $6
14. Qg3 Nce5 15. Nd4 $14 {1/2-1/2 Palac Mladen-Osterman Rudolf/It (open), Bled
(Slovenia) 1996 (20)}) 14. Nd5 $5 $146 {There is still place for novelties on
14-th move! Gutman: mit besseren Spiel für Weiß,S.Dolmatov.} (14. Bxe5 $6 Nxe5
15. Nd4 g6 16. Qg3 Kh8 17. Bd3 Bf6 18. Nxe6 fxe6 19. Ne2 Qe7 $15 {1-0 Zvara,
P-Dobes,L/CZE-chT 1994 (41)}) 14... Bg5 15. Bg3 {White is a litlle better.} ({
Wenig bringt} 15. Qg3 {Gutman} Bxf4 16. Rxf4 Bxd5 17. exd5 Ne7) 15... Rc8 16.
c4 $5 a5 (16... f5 $6 17. Bxe5 $5 (17. c5 $5) 17... Nxe5 (17... dxe5 18. Nc5
$16) 18. Nd4 Bf7 (18... Bxd5 $2 19. exd5 $16 {[%csl Re6][%cal Gd4e6]}) (18...
Bd7 19. Nxf5 Bxf5 20. exf5 Nxc4 21. Bxc4 Rxc4 22. f6 $1 $16) 19. Nxf5 g6 (19...
Nxc4 $2 20. Qc3 $1 $18 Ne5 $140 21. Qxc8) 20. Nd4 $16 Nxc4 $140 $2 21. Rxf7 $1
Rxf7 22. Bxc4 Rxc4 23. Ne6 Qe8 24. Nxg5 $18) 17. Qc3 a4 $6 18. Nd4 Bxd5 (18...
Nxd4 $6 19. Qxd4 Nc6 20. Qf2 $16 {[%csl Rd6]}) 19. Nxc6 $1 (19. exd5 $2 Nxd4
20. Qxd4 Bf6 $13) 19... bxc6 (19... Bxc6 $6 20. Bxe5 Bxe4 (20... Re8 21. Bxg7
Rxe4 22. Bh5 $1 $16) 21. Bxg7 Re8 22. Bh5 $16) 20. exd5 (20. Bxe5 $6 dxe5 (
20... Bxe4 21. Bxd6 Re8 22. Bh5 $1 $16) 21. Bg4 Rc7 22. cxd5 Qd6 $1 $14 (22...
cxd5 $6 23. Qxe5)) 20... Bf6 $6 (20... cxd5 $142 21. Rxd5) 21. dxc6 Rxc6 22.
Qa3 $1 (22. Qc2 $5 {Gutman} Qc8 23. b3 {Gutman: mit weißen Druckspiel.}) 22...
Nxc4 $6 (22... Qc8 $5 23. Qxa4 Nxc4 {As in game.}) 23. Qxa4 $6 {It will be
hard to win the ending.} (23. Bxc4 $5 Rxc4 24. Bxd6 Re8 25. Be5 $16) 23... Qc8
24. Rc1 d5 25. b3 Ne5 (25... Ra6 $2 26. Qb5 Rb6 (26... Rxa2 27. Bd3 $18) 27.
Qxd5 Ne3 28. Rxc8 Nxd5 29. Rfc1 $18) 26. Rxc6 Qxc6 27. Qxc6 Nxc6 {[%csl Ra2,
Rb3][%cal Gd5d1] White is better,but it is very hard to win.} 28. Bf3 Rd8 {
Gutman: Dieses Endspiel hatte Weiß als klar vorteilhaft für sich eingeschätzt,
aber das ist zu optimistisch.} 29. a4 (29. Rd1 $5 h6 $5 (29... Nd4 30. Bh4 $1
Bxh4 $6 (30... Nxf3 31. Bxf6 gxf6 32. gxf3 $16) 31. Rxd4 Bf6 32. Rxd5 {With
chances.})) (29. Rc1 $5 {Gutman} Nb4 30. a4 d4 31. Rc4 Nd5 32. a5 d3 33. Be1)
29... g6 30. a5 $6 (30. Rc1 $5 {Gutman} Nd4 31. Bd1) 30... Kg7 31. a6 $6 (31.
Bc7 $5 {Gutman} Rd7 32. Bb6) 31... Ra8 $132 32. Bxd5 Rxa6 33. h3 Nd4 34. Bc4
Ra7 35. Bf4 $6 (35. Bf2 Rb7 36. Bxd4 Bxd4 $11) 35... Rb7 36. Rb1 h5 37. b4 Nc2
38. Bd3 $5 (38. Bd6 $2 Na3 39. Rc1 Bb2 $19) (38. b5 $2 Na3 39. Bd5 (39. Rb4 g5
40. Be3 Nxc4 41. Rxc4 Rxb5) 39... Rxb5 (39... Rd7 $2 40. Bc6 Rd4 41. Rf1) 40.
Rxb5 Nxb5) 38... Rxb4 39. Rxb4 Nxb4 40. Be4 Na2 41. Bd2 Nc3 42. Bxc3 $11
1/2-1/2